000
00215nam a22000857a 4500
008
161017b xxu||||| |||| 00| 0 eng d
100
_9
883
_a
Sharma.S.
245
_a
The Reflective Teacher
260
_a
New Delhi
_b
NCERT
_c
2007
999
_c
3535
_d
3535